00391nam a2200133Ia 4500008004100000082001400041100002200055245002100077260001800098600002000116942000700136952009700143999001700240241002s9999 xx 000 0 und d a575.1 AMN aAmnam, Scheinfeld 0aYou and Hevedity aLondon:c1939 aNatural Science cUC 00104070aUITUbUITUd1994-01-01l0o575.1 AMNpUC642r2024-10-02 09:31:25w2024-10-02yUC c18969d18969